[Event "ICS rated blitz match"]
[Site "207.99.83.227"]
[Date "1999.04.09"]
[Round "?"]
[White "Phili-dOr"]
[Black "Hossa"]
[Result "0-1"]
[WhiteElo "2341"]
[BlackElo "2416"]
[PlyCount "108"]

1. d4 Nf6 2. Nf3 e6 3. c4 Be7 4. Nc3 O-O 5. e4 d5 6. e5 Ne4 7. Bd3 Nxc3 8. bxc3
dxc4 9. Bxc4 c5 10. O-O cxd4 11. cxd4 Bd7 12. Qe2 Bc6 13. Be3 Nd7 14. Rad1 Nb6
15. Bb3 Bd5 16. Bc2 Bc4 17. Bd3 Bxd3 18. Qxd3 Nd5 19. Qe4 Nc3 20. Qg4 Nxd1 21.
Rxd1 Re8 22. h4 Qd5 23. Bh6 Bf8 24. h5 Kh8 25. Be3 Qxa2 26. h6 gxh6 27. Qh4 Qd5
28. Bxh6 Bxh6 29. Qxh6 Rg8 30. Qf6+ Rg7 31. Rd3 Rc8 32. Ng5 Kg8 33. Rg3 Rc1+
34. Kh2 Rc7 35. f3 Rg6 36. Qf4 Qd8 37. Rg4 Rd7 38. Ne4 Rxg4 39. Qxg4+ Kf8 40.
Nf6 Rxd4 41. Qg8+ Ke7 42. Qg5 Qh8 43. f4 h6 44. Qh4 Qg7 45. Ng8+ Kf8 46. Qe7+
Kxg8 47. Qh4 Qg5 48. fxg5 Rxh4+ 49. Kg3 Rh1 50. gxh6 a5 51. Kf3 a4 52. h7+ Kxh7
53. Kg3 a3 54. Kf4 54... a2 {Phili-dOr resigns} 0-1

[Event "ICS rated blitz match"]
[Site "207.99.83.227"]
[Date "1999.04.09"]
[Round "?"]
[White "Hossa"]
[Black "blunite"]
[Result "1-0"]
[WhiteElo "2429"]
[BlackElo "2273"]
[PlyCount "45"]

1. e4 e5 2. Nf3 Nc6 3. Bc4 Nf6 4. Ng5 Bc5 5. Nxf7 Bxf2+ 6. Kf1 Qe7 7. Nxh8 d5
8. exd5 Nd4 9. d6 cxd6 10. d3 Bg4 11. Qd2 Be2+ 12. Kxf2 d5 13. Nc3 dxc4 14.
Nxe2 O-O-O 15. Nxd4 Rxd4 16. Qa5 Ng4+ 17. Kg3 Qf6 18. Re1 Qf2+ 19. Kh3 Ne3 20.
Qc5+ Kd7 21. Qb5+ Ke6 22. Qe8+ Kd6 23. Nf7+ {blunite resigns} 1-0

[Event "ICS rated blitz match"]
[Site "207.99.83.227"]
[Date "1999.04.09"]
[Round "?"]
[White "blunite"]
[Black "Hossa"]
[Result "1-0"]
[WhiteElo "2264"]
[BlackElo "2438"]
[Annotator "Crafty v16.6"]
[PlyCount "114"]

{annotating for player Hossa using a scoring margin of +0.10 pawns. search
time limit is 20.00} 1. e4 1... d6 2. d4 Nf6 3. Nc3 g6 ({8:-0.66} 3... g6 4.
Be2 d5 5. e5 Ne4 6. Nxe4 dxe4 7. Bg5 7... Bf5 $14) ({8:-0.36} 3... Nc6 4. Bb5
Bd7 5. Nf3 a6 6. Bc4 Na5 7. Bd3 $14) 4. Bc4 Bg7 ({8:-0.65} 4... Bg7 5. Nf3 O-O
6. O-O Bg4 7. Bg5 Nc6 8. d5 $14) ({8:-0.53} 4... Bg4 5. Be2 Bxe2 6. Ngxe2 Bg7
7. Bg5 Ng4 8. O-O 8... O-O $14) 5. Qe2 Bg4 ({8:-0.58} 5... Bg4 6. f3 Bd7 7. Be3
O-O 8. O-O-O Nc6 9. Nh3 $14) ({8:-0.43} 5... c6 6. Bg5 d5 7. exd5 Nxd5 8. Nf3
h6 9. Nxd5 9... hxg5 $14) 6. f3 Bd7 7. Bg5 Nc6 8. Qd2 e5 ({8:-0.37} 8... e5 9.
d5 Na5 10. Bd3 h6 11. Be3 c6 12. O-O-O cxd5 13. exd5 $14) ({8:-0.25} 8... h6 9.
Be3 e5 10. Nge2 exd4 11. Nxd4 Ne5 12. Bb5 12... Qe7 $10) 9. d5 Nd4 10. Nge2 h6
11. Be3 b5 12. Bb3 Nxb3 ({8:-0.61} 12... Nxb3 13. axb3 a6 14. Ng3 g5 15. Nf5
Bxf5 16. exf5 Qd7 17. Qd3 $14) ({8:-0.41} 12... a5 13. a3 Nxb3 14. cxb3 Nh5 15.
Qd3 b4 16. axb4 axb4 17. Rxa8 17... Qxa8 $14) 13. axb3 a5 ({9:-0.64} 13... a5
14. Nd1 a4 15. O-O Nh5 16. Ndc3 f5 17. bxa4 bxa4 18. b3 fxe4 19. fxe4 $14) ({
9:-0.50} 13... a6 14. Na2 g5 15. Nb4 Qc8 16. Qd3 g4 17. Nc6 17... gxf3 $14) 14.
O-O g5 ({8:-0.82} 14... g5 15. Qd3 b4 16. Nb5 Qb8 17. c4 bxc3 18. Nexc3 18...
Qd8 $16) ({8:-0.52} 14... Nh5 15. Qd3 b4 16. Nb5 Qb8 17. c4 bxc3 18. Nexc3
18... O-O $14) 15. Qd3 Qb8 ({9:-0.81} 15... Qb8 16. b4 axb4 17. Rxa8 Qxa8 18.
Nxb5 Qb7 19. c4 bxc3 20. Nexc3 20... O-O $16) ({9:-0.48} 15... b4 16. Na4 g4
17. Ng3 gxf3 18. Rxf3 Bg4 19. Rf2 h5 20. Nf5 $14) 16. Nd1 O-O ({8:-0.87} 16...
O-O 17. Ng3 Qc8 18. Nf5 Bxf5 19. exf5 c6 20. dxc6 Qxc6 21. Re1 $16) ({8:-0.47} 
16... g4 17. Bd2 gxf3 18. Rxf3 b4 19. Ne3 Bb5 20. Nc4 20... Qd8 $14) 17. g4 Kh8
({8:-0.43} 17... Kh8 18. Ng3 Qc8 19. Nf5 Bxf5 20. exf5 c6 21. dxc6 Qxc6 22. c4
$14) ({8:-0.08} 17... b4 18. Nf2 c6 19. dxc6 Bxc6 20. c4 bxc3 21. bxc3 Qd8 22.
Rfd1 $10) 18. h3 Qd8 ({8:-0.32} 18... Qd8 19. Ng3 a4 20. b4 c6 21. dxc6 Bxc6
22. Nf5 d5 23. Nxg7 23... Kxg7 $14) ({8:-0.19} 18... b4 19. Nf2 Qe8 20. Rfe1
Bb5 21. Qd2 c6 22. Ng3 cxd5 23. exd5 $10) 19. Kg2 c6 20. c4 cxd5 21. cxd5 Qc7 (
{10:-0.07} 21... Qc7 22. Ndc3 Rab8 23. Rfc1 Rfc8 24. Ng3 Kg8 25. Nce2 Qd8 26.
Kg1 $10) ({10:+0.05} 21... b4 22. Kg1 Kg8 23. Re1 Qe7 24. Bb6 a4 25. bxa4 Bxa4
26. b3 26... Bb5 $10) 22. Nf2 Rfc8 23. Rac1 Qd8 24. Rc3 b4 25. Rcc1 Qe8 26.
Rxc8 Rxc8 27. Rc1 Rxc1 28. Nxc1 Bb5 29. Qd2 Nd7 30. Ne2 Qe7 ({10:-0.10} 30...
Qe7 31. Ng3 Bf8 32. Nf5 Qf6 33. Kg1 Kg8 34. Nd3 Ba6 35. Qe2 $10) ({10:+0.01} 
30... f6 31. Ng3 Bf8 32. Nf5 h5 33. Kg1 Qf7 34. Nd3 Kg8 35. Qe2 $10) 31. Ng3
Qf6 32. Nf5 Bf8 33. Nh1 Be7 34. Nhg3 Bd8 35. Nh5 Qg6 36. h4 gxh4 37. Bxh6 Kg8
38. Kh3 Nc5 39. Qe3 Bd7 40. Bg7 Bxf5 41. exf5 Qg5 42. f4 Qe7 43. fxe5 Qg5 44.
Qxg5 Bxg5 45. e6 fxe6 46. dxe6 d5 47. Bf6 Bh6 48. g5 Nxe6 49. fxe6 Bf8 50. Kxh4
d4 51. Bxd4 Be7 52. Bf6 Kf8 53. Kg4 a4 54. bxa4 Bd6 55. Kf5 b3 56. g6 Bb4 57.
g7+ Kg8 1-0

[Event "ICS rated blitz match"]
[Site "207.99.83.227"]
[Date "1999.04.09"]
[Round "?"]
[White "bigsoup"]
[Black "Hossa"]
[Result "0-1"]
[WhiteElo "2158"]
[BlackElo "2415"]
[PlyCount "66"]

1. e4 d6 2. d4 Nf6 3. Nc3 g6 4. Bc4 Bg7 5. Bb3 Bg4 6. f3 Bd7 7. Be3 e5 8. Nge2
Nc6 9. Qd2 Na5 10. O-O-O Nxb3+ 11. axb3 Qe7 12. h3 O-O-O 13. Bg5 Bc6 14. Rhe1
Rhe8 15. Nd5 Bxd5 16. exd5 h6 17. Bxh6 Bxh6 18. Qxh6 Nxd5 19. dxe5 Qxe5 20. Nc3
Qxe1 21. Rxe1 Rxe1+ 22. Kd2 Re5 23. f4 Rh5 24. Qg7 Nxf4 25. Qxf7 Rf5 26. Qg7
Nxg2 27. Qxg6 Rf2+ 28. Kc1 Kb8 29. Kb1 Ne3 30. Qg5 Re8 31. h4 Rf1+ 32. Ka2 Nxc2
33. Qg6 33... Ra1# {bigsoup checkmated} 0-1

[Event "ICS rated blitz match"]
[Site "207.99.83.227"]
[Date "1999.04.09"]
[Round "?"]
[White "Hossa"]
[Black "ColonialPast"]
[Result "1-0"]
[WhiteElo "2421"]
[BlackElo "2196"]
[PlyCount "91"]

1. e4 c6 2. Nc3 d5 3. exd5 cxd5 4. Nf3 Nf6 5. Bb5+ Bd7 6. O-O e6 7. Ne5 a6 8.
Nxd7 Nbxd7 9. Bxd7+ Qxd7 10. d3 h6 11. Bf4 Bd6 12. Qf3 Qc7 13. Bxd6 Qxd6 14.
Rae1 O-O 15. a3 Rfc8 16. Re2 Rc7 17. Nb1 d4 18. Nd2 Qd7 19. Nc4 Qc6 20. Qf4 Rd8
21. Rfe1 b5 22. Nd2 Qd6 23. Qxd6 Rxd6 24. Nf3 Rd5 25. h4 Nd7 26. Kh2 Rcc5 27.
g4 f6 28. h5 e5 29. Nh4 Rd6 30. Nf5 Rb6 31. b4 Rc3 32. Ne7+ Kf7 33. Nd5 Rbc6
34. Nxc3 Rxc3 35. Ra1 Nb6 36. Kh1 Na4 37. f4 exf4 38. Rf1 Rxa3 39. Rxf4 Nc3 40.
Rg2 Ra1+ 41. Kh2 Ra4 42. Rxd4 Na2 43. Re2 Rxb4 44. Rd7+ Kg8 45. Re8+ Kh7 46.
Rdd8 {ColonialPast resigns} 1-0

[Event "ICS rated blitz match"]
[Site "207.99.83.227"]
[Date "1999.04.09"]
[Round "?"]
[White "ColonialPast"]
[Black "Hossa"]
[Result "1/2-1/2"]
[WhiteElo "2189"]
[BlackElo "2428"]
[PlyCount "136"]

1. e4 d6 2. g3 Nf6 3. Bg2 e5 4. Nc3 Be7 5. Nge2 Nc6 6. O-O O-O 7. d3 Bg4 8. h3
Bxe2 9. Nxe2 Qd7 10. f4 Rae8 11. f5 d5 12. Nc3 Bc5+ 13. Kh2 d4 14. Ne2 Nb4 15.
a3 Nc6 16. g4 h6 17. Qe1 Qe7 18. Qg3 Kh8 19. Bd2 Rg8 20. h4 Ref8 21. Bf3 Ne8
22. g5 f6 23. Bh5 fxg5 24. hxg5 Qd7 25. Rh1 Nd6 26. Bg4 Nf7 27. g6 Nfd8 28. Kg2
Nf7 29. gxf7 Rxf7 30. Bh5 Rf6 31. Rag1 Qc8 32. Rh4 Rff8 33. Rg4 Rf6 34. Kf2 Qf8
35. Ke1 Qe7 36. Kd1 Qf8 37. Rg6 Ne7 38. Rxf6 Qxf6 39. Bg6 Rf8 40. Rh1 Nxg6 41.
Qxg6 Qxg6 42. fxg6 Rf6 43. Rg1 Rf3 44. Ke1 Rf6 45. Bb4 Bb6 46. Be7 Re6 47. Bh4
c5 48. b3 a5 49. a4 Bc7 50. Rg3 Bb6 51. Ng1 Bc7 52. Nf3 Kg8 53. Nd2 Kh8 54. Nc4
Kg8 55. Rg2 Kh8 56. Kf1 b6 57. Kg1 Kg8 58. Kh2 Kh8 59. Kh3 Kg8 60. Nd2 Kh8 61.
Nf3 Kg8 62. Ne1 Kf8 63. Rg4 Bd6 64. Ng2 Ke8 65. Bg3 Be7 66. Bh4 Bd6 67. Rg3 Kd7
68. Rg4 68... Ke8 {Game drawn by repetition} 1/2-1/2

[Event "ICS rated blitz match"]
[Site "207.99.83.227"]
[Date "1999.04.09"]
[Round "?"]
[White "Hossa"]
[Black "osito"]
[Result "1-0"]
[WhiteElo "2418"]
[BlackElo "2100"]
[PlyCount "89"]

1. e4 d6 2. d4 e5 3. dxe5 dxe5 4. Qxd8+ Kxd8 5. Bc4 f6 6. Ne2 c6 7. Nbc3 Kc7 8.
Be3 Nd7 9. O-O-O b6 10. Rd3 Bc5 11. Rhd1 Bxe3+ 12. Rxe3 Ne7 13. Rg3 g6 14. Rf3
b5 15. Be6 Rf8 16. Nxb5+ cxb5 17. Rc3+ Nc6 18. Rxc6+ Kxc6 19. Bd5+ Kc7 20. Bxa8
Nc5 21. Nc3 Bg4 22. Rd5 Nxe4 23. Nxe4 Rxa8 24. Nxf6 Bf5 25. Rxe5 Kd6 26. Rxb5
Rc8 27. c3 Rf8 28. Nxh7 Rh8 29. Rb7 Kc6 30. Rxa7 Kb6 31. Rf7 Be4 32. f3 Bd5 33.
Rg7 Bxa2 34. Rxg6+ Kb7 35. Rg7+ Kb6 36. Kc2 Bc4 37. b3 Bb5 38. c4 Bc6 39. b4
Re8 40. Nf6 Re2+ 41. Kc3 Re3+ 42. Kd4 Rb3 43. b5 Ba8 44. Nd7+ Kc7 45. Nc5+ {
osito resigns} 1-0

[Event "ICS rated blitz match"]
[Site "207.99.83.227"]
[Date "1999.04.09"]
[Round "?"]
[White "Proteus"]
[Black "Hossa"]
[Result "1-0"]
[WhiteElo "2116"]
[BlackElo "2422"]
[Annotator "Crafty v16.6"]
[PlyCount "67"]

{annotating for player Hossa using a scoring margin of +0.10 pawns. search
time limit is 20.00} 1. d4 1... Nf6 2. c4 g6 3. Nc3 Bg7 4. e4 d6 5. Be2 O-O 6.
Bg5 c5 7. d5 Qa5 8. Qd2 Qb4 9. f4 Nbd7 10. Nf3 Re8 11. O-O Nb6 ({8:-0.36} 11...
Nb6 12. Nb5 Qxd2 13. Nxd2 Bg4 14. Bxg4 Nxg4 15. Nc7 Bd4+ 16. Kh1 Nf2+ 17. Rxf2
Bxf2 18. Nxa8 18... Nxa8 $14) ({8:-0.12} 11... h6 12. Bxf6 Nxf6 13. Nb5 Qxd2
14. Nxd2 Bg4 15. Bxg4 Nxg4 16. Rab1 16... Ne3 $10) 12. a3 Qb3 13. Qd3 Bg4 14.
Rab1 Rad8 ({7:-4.24} 14... Rad8 15. Nd2 Bxe2 16. Qxe2 Qc2 17. Rfc1 Qxb1 18.
Rxb1 $18) ({7:-0.34} 14... h6 15. Nd2 Bxe2 16. Qxe2 Qc2 17. Rfc1 Qxb1 18. Rxb1
hxg5 19. fxg5 $14) 15. Nd2 Bxe2 16. Qxe2 Qc2 17. Rfc1 Qxb1 18. Rxb1 Nh5 ({
8:-4.48} 18... Nh5 19. g4 Bd4+ 20. Kh1 Bxc3 21. bxc3 Nf6 22. Bh6 e6 23. g5 $18)
({8:-4.36} 18... e6 19. dxe6 Rxe6 20. Qd3 Rde8 21. f5 gxf5 22. Bxf6 Bxf6 23.
exf5 $18) 19. e5 f6 20. g4 fxg5 21. gxh5 gxf4 22. e6 g5 23. h6 Bd4+ ({10:-3.89
} 23... Bd4+ 24. Kf1 Kh8 25. Nce4 Rg8 26. Qh5 Bf6 27. Nxf6 exf6 28. Qf7 Rdf8
29. Qxb7 $18) ({10:-3.51} 23... Bxh6 24. Qh5 Kg7 25. Kh1 Rf8 26. h4 g4 27.
Qxg4+ Kh8 28. Rg1 28... Rg8 $18) 24. Kh1 Bxc3 25. bxc3 Kh8 ({11:-5.97} 25...
Kh8 26. Nf3 Nxc4 27. Nxg5 Ne5 28. Qe4 Ng6 29. Nf7+ Kg8 30. Nxd8 Rxd8 31. Rxb7
a5 32. Kg2 $18) ({11:-5.10} 25... Nc8 26. Qg4 Kh8 27. h4 b5 28. Rxb5 Rf8 29.
hxg5 Nb6 30. Kg2 30... Rb8 $18) 26. Qh5 Rg8 27. Ne4 Rg6 28. Nxg5 Kg8 29. Nf7
Rc8 ({8:-Mat06} 29... Rc8 30. Rg1 Nxc4 31. Rxg6+ Kf8 32. Rg8+ Kxg8 33. Qg5+ Kf8
34. Qg7+ Ke8 35. Qh8# $18) ({8:-8.72} 29... Kf8 $18) 30. Rg1 Kf8 31. Rxg6 Rb8
32. Rg7 f3 33. Nxd6 exd6 34. Qf7# 1-0

[Event "ICS rated blitz match"]
[Site "207.99.83.227"]
[Date "1999.04.09"]
[Round "?"]
[White "Hossa"]
[Black "Data"]
[Result "0-1"]
[WhiteElo "2395"]
[BlackElo "2869"]
[Annotator "Crafty v16.6"]
[PlyCount "105"]

{annotating for player Hossa using a scoring margin of +0.10 pawns. search
time limit is 20.00} 1. e4 1... c5 2. Bc4 e6 3. Nc3 Ne7 4. Nf3 Ng6 5. O-O Be7
6. d4 cxd4 7. Qxd4 ({8:+0.20} 7. Qxd4 7... Nc6 8. Qe3 Nge5 9. Nxe5 Nxe5 10. Bb5
O-O 11. Bd2 $10) ({8:+0.42} 7. Nxd4 7... O-O 8. Qh5 Bf6 9. Be3 Ne5 10. Bb5
10... Nbc6 $14) 7... Nc6 8. Qe3 O-O 9. Rd1 Bf6 10. Nb5 Nge5 11. Nxe5 Bxe5 12.
f4 Bb8 13. Nd6 Bc7 14. Qf2 Na5 15. Bb5 Bxd6 16. Rxd6 Qc7 17. e5 ({8:+0.00} 17.
e5 17... f6 18. Qe3 fxe5 19. fxe5 Nc4 20. Qc3 Qc5+ 21. Rd4 Qxb5 22. Rxc4 $10) (
{8:+0.21} 17. Rd1 17... a6 18. Bd3 Nc6 19. Be3 Nb4 20. Bb6 20... Qd6 $10) 17...
f6 18. Qd4 fxe5 19. fxe5 b6 20. Bxd7 Qxc2 21. Be3 ({8:-0.71} 21. Be3 21... Nc4
22. Rc1 Qe2 23. Qxc4 Qxe3+ 24. Kh1 Bxd7 25. Rxd7 Qxe5 26. Re7 $17) ({8:+0.40} 
21. Bb5 21... a6 22. Ba4 Qe2 23. Bg5 Bb7 24. Qd2 Qxe5 25. Rxb6 $14) 21... Nc4
22. Rc6 ({8:-1.28} 22. Rc6 22... Nxe3 23. Rxc2 Nxc2 24. Qd1 Nxa1 25. Bc6 Rb8
26. Qxa1 $17) ({8:-0.21} 22. Bc6 22... Nxe3 23. Qxe3 Qxb2 24. Rc1 Rb8 25. a4 h6
26. Rc4 $10) 22... Nxe3 23. Rxc2 Nxc2 24. Qe4 Nxa1 25. Qxa8 Bxd7 26. Qxa7 Bb5
27. h4 Bc4 28. Qxb6 Bd5 29. b4 ({10:-0.98} 29. b4 29... Nc2 30. a4 Ne1 31. Kh2
Nxg2 32. Kg3 Nf4 33. Qd6 33... Rf5 $17) ({10:-0.39} 29. Qc7 29... Ra8 30. a3
Nb3 31. Qe7 Nd4 32. Kh2 Nf5 33. Qg5 33... Kf7 $15) 29... Nc2 30. a4 Ne1 31. Kh2
Nxg2 32. Kg3 h5 33. a5 Rf4 34. b5 Rg4+ 35. Kf2 Nxh4 36. Qb8+ Kh7 37. Qc7 Rg2+
38. Ke3 Nf5+ 39. Kd3 Rg3+ 40. Kd2 h4 41. Qf7 h3 42. Qh5+ Nh6 43. Ke1 Rg1+ 44.
Kf2 Rg2+ 45. Ke3 Ra2 46. a6 h2 47. b6 Ra3+ 48. Kf2 h1=Q 49. Qxh1 Bxh1 50. Kg1
Bf3 51. Kf2 Ng4+ 52. Kg3 g5 53. b7 0-1

[Event "ICS rated blitz match"]
[Site "207.99.83.227"]
[Date "1999.04.09"]
[Round "?"]
[White "Tyrone"]
[Black "Hossa"]
[Result "0-1"]
[WhiteElo "2169"]
[BlackElo "2393"]
[PlyCount "68"]

1. e4 c5 2. Nf3 Nc6 3. c4 Nf6 4. d3 e5 5. Bg5 Be7 6. Nc3 O-O 7. Bxf6 Bxf6 8.
Nd5 Qa5+ 9. Nd2 Bg5 10. Be2 Nd4 11. Nc3 Bxd2+ 12. Qxd2 Nb3 13. Qd1 Nxa1 14.
Qxa1 d6 15. O-O Be6 16. a3 Qd8 17. b4 cxb4 18. axb4 Qg5 19. Bf3 a6 20. Qb1 Rac8
21. b5 Qd2 22. Nd5 Bxd5 23. cxd5 a5 24. Rd1 Qf4 25. Qa2 b6 26. Qb3 Rc5 27. h3
Rfc8 28. Rf1 Rc3 29. Qd1 Rc1 30. Qe2 Rxf1+ 31. Qxf1 Rc1 32. Bd1 Qd2 33. Kh2
Rxd1 34. Qxd1 34... Qxd1 {Tyrone resigns} 0-1

[Event "ICS Rated blitz match"]
[Site "207.99.83.227"]
[Date "1999.04.09"]
[Round "?"]
[White "Hossa"]
[Black "toprod"]
[Result "1-0"]
[WhiteElo "2394"]
[BlackElo "2021"]
[PlyCount "73"]

1. e4 c6 2. Nc3 d5 3. exd5 cxd5 4. Nf3 Nf6 5. Bb5+ Bd7 6. O-O e6 7. Re1 Bd6 8.
Bd3 a6 9. Be2 Nc6 10. d3 Qc7 11. Bg5 h6 12. Bxf6 gxf6 13. d4 O-O-O 14. Qd2 h5
15. Qd3 h4 16. h3 Rdg8 17. a3 Rg7 18. Rac1 Ne7 19. Nd1 e5 20. dxe5 fxe5 21. Nd2
e4 22. Qb3 Rhg8 23. Bf1 Bf4 24. Re2 Be6 25. Kh1 d4 26. c4 e3 27. fxe3 dxe3 28.
Ne4 Bxh3 29. Nxe3 Qe5 30. Nd2 Qg5 31. Nd5 Bxg2+ 32. Rxg2 Nxd5 33. cxd5+ Kb8 34.
Rxg5 Rxg5 35. Bxa6 Rg1+ 36. Rxg1 Rxg1+ 37. Kxg1 {toprod resigns} 1-0

[Event "ICS rated bullet match"]
[Site "207.99.83.227"]
[Date "1999.04.09"]
[Round "?"]
[White "heatstroke"]
[Black "Hossa"]
[Result "1-0"]
[WhiteElo "2671"]
[BlackElo "2469"]
[Annotator "Crafty v16.6"]
[PlyCount "111"]

{annotating for player Hossa using a scoring margin of +0.10 pawns. search
time limit is 20.00} 1. d4 1... Nf6 2. c4 g6 3. Nc3 Bg7 4. e4 d6 5. f3 O-O 6.
Be3 e5 ({8:+0.22} 6... e5 7. d5 Na6 8. Nh3 Bxh3 9. gxh3 Nc5 10. b4 10... Ncd7
$10) ({8:+0.40} 6... Nbd7 7. Nh3 c5 8. d5 Qb6 9. Qd2 Qb4 10. Bd3 $15) 7. Nge2
exd4 8. Nxd4 Bd7 ({8:-0.01} 8... Bd7 9. Be2 Nc6 10. O-O Nxd4 11. Bxd4 Re8 12.
Nd5 Rc8 13. Nxf6+ 13... Bxf6 $10) ({8:+0.10} 8... Nh5 9. Qd2 Bd7 10. Bg5 Nf6
11. Bh6 Bxh6 12. Qxh6 12... Nc6 $10) 9. Be2 Nc6 10. O-O Re8 11. Qd2 Nh5 ({
7:-0.45} 11... Nh5 12. Nxc6 bxc6 13. Bg5 Bd4+ 14. Kh1 Bf6 15. Bh6 15... Bg7 $14
) ({7:-0.24} 11... Nxd4 12. Bxd4 Rc8 13. Nd5 Ba4 14. b3 Bc6 15. Nxf6+ Bxf6 16.
Rad1 $10) 12. Rad1 Nxd4 13. Bxd4 Bxd4+ 14. Qxd4 Nf4 15. Qd2 Qg5 16. Bd3 Be6 17.
Rf2 Nh3+ ({7:-0.27} 17... Nh3+ 18. Kf1 Qxd2 19. Rfxd2 Nf4 20. Nd5 Bxd5 21. cxd5
Kg7 22. Kf2 $10) ({7:+0.11} 17... Rad8 18. b4 Bd7 19. Nd5 Ba4 20. Bc2 Bxc2 21.
Qxc2 $10) 18. Kf1 Qxd2 19. Rfxd2 Nf4 20. Nd5 Bxd5 21. cxd5 Nxd3 22. Rxd3 f5 23.
exf5 gxf5 24. Rc3 Re7 25. Rdc1 Rc8 26. Ra3 Ra8 27. Rb3 Rb8 28. Rc4 b6 29. Rbc3
Rb7 30. Kf2 a5 ({10:-0.75} 30... a5 31. Re3 Rxe3 32. Kxe3 Kf7 33. Rf4 Kg6 34.
h4 h6 35. h5+ Kf6 36. a4 $16) ({10:-0.57} 30... b5 31. Rh4 b4 32. Re3 Re5 33.
Rxe5 dxe5 34. Rh5 Rb5 35. Rg5+ Kh8 36. Ke3 Rxd5 37. Rxf5 $14) 31. Re3 Rxe3 32.
Kxe3 Kg7 33. Kf4 Kf6 34. Rc3 c5 35. Re3 Rd7 36. Re6+ Kg7 37. a4 b5 38. axb5 Rb7
39. Kxf5 Rxb5 40. Rxd6 Rxb2 41. Rd7+ Kh8 42. g4 Rf2 43. f4 c4 44. d6 c3 45. Rc7
c2 46. d7 Rd2 47. Ke6 Rd4 48. Rxc2 h5 49. Rc8+ Kg7 50. d8=Q Rxd8 51. Rxd8 h4
52. f5 Kh6 53. Kf6 Kh7 54. g5 a4 55. g6+ Kh6 56. Rh8# 1-0

[Event "ICS rated blitz match"]
[Site "207.99.83.227"]
[Date "1999.04.09"]
[Round "?"]
[White "Hossa"]
[Black "rjml"]
[Result "1-0"]
[WhiteElo "2397"]
[BlackElo "2035"]
[PlyCount "53"]

1. e4 e5 2. Nf3 Nc6 3. Bc4 Nf6 4. Ng5 d5 5. exd5 b5 6. dxc6 bxc4 7. Qe2 Bd6 8.
Qxc4 O-O 9. O-O a5 10. d3 Ba6 11. Qa4 Nd5 12. a3 Nf4 13. Bxf4 exf4 14. Nf3 g5
15. Nc3 g4 16. Nd2 Qh4 17. Nde4 f3 18. Nxd6 cxd6 19. gxf3 f5 20. Qxa5 gxf3 21.
Qd5+ Rf7 22. Kh1 Kf8 23. c7 Rc8 24. Qxd6+ Re7 25. Qxa6 Rg7 26. Qxc8+ Kf7 27.
Qxf5+ {rjml resigns} 1-0

[Event "ICS rated blitz match"]
[Site "207.99.83.227"]
[Date "1999.04.09"]
[Round "?"]
[White "rjml"]
[Black "Hossa"]
[Result "0-1"]
[WhiteElo "2031"]
[BlackElo "2401"]
[PlyCount "40"]

1. d4 Nf6 2. Nf3 e6 3. c4 Be7 4. Nc3 O-O 5. e4 d5 6. e5 Ne4 7. Bd3 Nxc3 8. bxc3
dxc4 9. Bxc4 c5 10. O-O cxd4 11. cxd4 Bd7 12. g3 Bc6 13. Nd2 Qxd4 14. Rb1 Qxe5
15. Bb2 Qg5 16. h4 Qg6 17. Qe2 Bxh4 18. Bd3 f5 19. Nc4 Bxg3 20. fxg3 20...
Qxg3+ {rjml resigns} 0-1

[Event "ICS rated blitz match"]
[Site "207.99.83.227"]
[Date "1999.04.09"]
[Round "?"]
[White "Hossa"]
[Black "j724"]
[Result "1-0"]
[WhiteElo "2404"]
[BlackElo "2212"]
[PlyCount "49"]

1. e4 d6 2. d4 Nf6 3. Nc3 g6 4. Nf3 Bg7 5. h3 O-O 6. Be3 c6 7. Qd3 Nbd7 8.
O-O-O b5 9. e5 Ne8 10. Qe4 d5 11. Qh4 b4 12. Ne2 Nc7 13. Bh6 Ne6 14. Bxg7 Nxg7
15. Ng5 h5 16. g4 Qa5 17. gxh5 Nxh5 18. e6 Ndf6 19. exf7+ Kg7 20. Kb1 Bf5 21.
Ng3 Nxg3 22. fxg3 Rh8 23. Qf4 Rab8 24. Qe5 Kf8 25. Qxb8+ {j724 resigns} 1-0

[Event "ICS rated blitz match"]
[Site "207.99.83.227"]
[Date "1999.04.09"]
[Round "?"]
[White "kaspinha"]
[Black "Hossa"]
[Result "0-1"]
[WhiteElo "2167"]
[BlackElo "2412"]
[PlyCount "120"]

1. f4 Nc6 2. Nf3 d5 3. b3 Nf6 4. e3 Bg4 5. h3 Bxf3 6. Qxf3 e5 7. Bb2 exf4 8.
Qxf4 Be7 9. Bd3 Nh5 10. Qg4 Bh4+ 11. Kd1 Qg5 12. Qxg5 Bxg5 13. Nc3 Ng3 14. Rg1
O-O-O 15. Ne2 Nxe2 16. Bxe2 d4 17. e4 Rhe8 18. d3 Ne5 19. Rf1 Rd6 20. Rf5 f6
21. a4 Rd7 22. Rf1 Bh4 23. Bc1 Bg3 24. Bf4 Bxf4 25. Rxf4 Rde7 26. Kd2 a5 27.
Raf1 c6 28. g3 Kc7 29. h4 Kb6 30. Bh5 Rg8 31. Be2 c5 32. g4 Ng6 33. Rf5 Nxh4
34. Rh5 Ng2 35. Rxh7 Rge8 36. Bf3 Ne3 37. Rfh1 g6 38. R1h6 Rxh7 39. Rxh7 Rf8
40. Rh6 Rg8 41. Rh7 Re8 42. e5 Rxe5 43. Rxb7+ Ka6 44. Rf7 Re6 45. Rg7 f5 46.
gxf5 gxf5 47. Bh5 Rh6 48. Rg6+ Rxg6 49. Bxg6 Kb6 50. Bh5 Kc7 51. c3 Nd5 52.
cxd4 cxd4 53. Bf3 Nb4 54. Ba8 Kd6 55. Bf3 Ke5 56. Bh5 Kf4 57. Ke2 Kg3 58. Bg6
f4 59. Be4 Na2 60. Bd5 60... Nc3+ {kaspinha resigns} 0-1

[Event "ICS rated blitz match"]
[Site "207.99.83.227"]
[Date "1999.04.09"]
[Round "?"]
[White "Hossa"]
[Black "egya"]
[Result "1-0"]
[WhiteElo "2418"]
[BlackElo "2067"]
[PlyCount "39"]

1. e4 d6 2. d4 c6 3. Nc3 b5 4. Bd3 Bb7 5. Nf3 e6 6. O-O a6 7. a4 b4 8. Na2 a5
9. c3 c5 10. Bb5+ Nd7 11. dxc5 dxc5 12. Bg5 Be7 13. Ne5 Bxg5 14. Qxd7+ Qxd7 15.
Nxd7 Ba6 16. Nxc5+ Bxb5 17. axb5 Be7 18. Na6 O-O-O 19. cxb4 axb4 20. Rac1+ {
egya resigns} 1-0

[Event "ICS rated blitz match"]
[Site "207.99.83.227"]
[Date "1999.04.09"]
[Round "?"]
[White "Mayonaise"]
[Black "Hossa"]
[Result "1/2-1/2"]
[WhiteElo "2223"]
[BlackElo "2422"]
[PlyCount "142"]

1. d4 Nf6 2. c4 g6 3. Nc3 Bg7 4. e4 d6 5. f3 O-O 6. Be3 e5 7. d5 Na6 8. Qd2 Bd7
9. h4 Re8 10. g4 Nc5 11. h5 Rc8 12. Bh6 Bxh6 13. Qxh6 g5 14. Qxg5+ Kh8 15. b4
Na4 16. Nxa4 Bxa4 17. Qe3 a6 18. g5 Ng8 19. Bh3 Ra8 20. Bf5 Ne7 21. g6 Nxf5 22.
exf5 Qf6 23. Qe4 Bd7 24. gxf7 Qxf7 25. O-O-O Bxf5 26. Qe3 b5 27. Nh3 bxc4 28.
Ng5 Qe7 29. Rhg1 a5 30. b5 Rab8 31. a4 Rg8 32. h6 Rg6 33. f4 Rxh6 34. fxe5 Rh2
35. Rd2 Rxd2 36. Kxd2 Bg6 37. e6 Qf6 38. Qc3 Qe5 39. Qxe5+ dxe5 40. Kc3 h6 41.
Nf3 Be4 42. Nxe5 Bxd5 43. e7 Re8 44. Kd4 Be6 45. Nc6 Bd7 46. Re1 Bxc6 47. bxc6
Kg7 48. Kxc4 Kf6 49. Kb5 Rxe7 50. Rf1+ Kg6 51. Kxa5 h5 52. Ka6 Re4 53. a5 Re5
54. Ra1 h4 55. Kb7 Rb5+ 56. Kxc7 Re5 57. a6 h3 58. Kb6 h2 59. a7 Re8 60. Kb7
Rh8 61. c7 h1=Q+ 62. Rxh1 Rxh1 63. a8=Q Rb1+ 64. Kc6 Rc1+ 65. Kb6 Rb1+ 66. Kc6
Rc1+ 67. Kd7 Rd1+ 68. Kc8 Kh6 69. Qe4 Rc1 70. Qe3+ Kh7 71. Qxc1 71... Kg6 {
Mayonaise ran out of time and Hossa has no material to mate} 1/2-1/2

[Event "ICS rated blitz match"]
[Site "207.99.83.227"]
[Date "1999.04.09"]
[Round "?"]
[White "lkd"]
[Black "Hossa"]
[Result "0-1"]
[WhiteElo "2216"]
[BlackElo "2422"]
[PlyCount "96"]

1. d4 Nf6 2. c4 g6 3. Nc3 Bg7 4. e4 d6 5. f3 O-O 6. Be3 e5 7. d5 Na6 8. Qd2 Bd7
9. Bd3 Nb4 10. Bb1 Nh5 11. Nge2 Qh4+ 12. g3 Qe7 13. O-O Bh3 14. Rf2 c5 15. a3
Na6 16. Bd3 Nc7 17. Kh1 Nf6 18. Bg5 Bd7 19. b4 cxb4 20. axb4 Na6 21. Rb1 Rfc8
22. f4 Qf8 23. fxe5 Ng4 24. Rff1 Nxe5 25. Bf6 Bxf6 26. Rxf6 Qe7 27. Rf4 g5 28.
Rf2 Bg4 29. Nd4 Nxc4 30. Bxc4 Rxc4 31. Nf5 Bxf5 32. Rxf5 Rxc3 33. Rxg5+ Kf8 34.
Re1 Rb3 35. Rh5 f6 36. Qh6+ Kg8 37. Rf5 Rb1 38. Rxb1 Qxe4+ 39. Kg1 Qxb1+ 40.
Rf1 Qxb4 41. Kg2 Qe4+ 42. Kh3 Rf8 43. Rxf6 Rxf6 44. Qxf6 Qxd5 45. Qd8+ Kf7 46.
Qd7+ Kf6 47. Qd8+ Kg6 48. Qe8+ 48... Qf7 {lkd resigns} 0-1

[Event "ICS rated blitz match"]
[Site "207.99.83.227"]
[Date "1999.04.09"]
[Round "?"]
[White "Hossa"]
[Black "Proteus"]
[Result "1-0"]
[WhiteElo "2429"]
[BlackElo "2104"]
[PlyCount "37"]

1. e4 g6 2. Be2 Bg7 3. Nc3 d6 4. Nf3 e5 5. O-O f5 6. d4 Nc6 7. Bb5 Bd7 8. Bg5
Nf6 9. exf5 gxf5 10. Bxc6 Bxc6 11. dxe5 Bxf3 12. exf6 Bxd1 13. fxg7 Qxg5 14.
gxh8=Q+ Kd7 15. Qxa8 Bf3 16. g3 Qg4 17. Rae1 Kc6 18. Qe8+ Kb6 19. Qb5# {
Proteus checkmated} 1-0